Benin : Second Poverty Reduction Strategy Paper; Joint Staff Advisory Note.

The Second Poverty Reduction Strategy Paper (SCRP) for Benin explains growth strategy for poverty reduction. The SCRP emphasizes the importance of addressing governance, transparency, and corruption. Capacity for budget management will also have to be improved at the level of sectoral ministries. Th...

Descripció completa

Dades bibliogràfiques
Autor corporatiu: International Monetary Fund
Format: Revista
Idioma:English
Publicat: Washington, D.C. : International Monetary Fund, 2007.
Col·lecció:IMF Staff Country Reports; Country Report ; No. 2007/214
Accés en línia:Full text available on IMF
LEADER 01594cas a2200241 a 4500
001 AALejournalIMF009408
008 230101c9999 xx r poo 0 0eng d
020 |c 5.00 USD 
020 |z 9781451803501 
022 |a 1934-7685 
040 |a BD-DhAAL  |c BD-DhAAL 
110 2 |a International Monetary Fund. 
245 1 0 |a Benin :   |b Second Poverty Reduction Strategy Paper; Joint Staff Advisory Note. 
264 1 |a Washington, D.C. :  |b International Monetary Fund,  |c 2007. 
300 |a 1 online resource (10 pages) 
490 1 |a IMF Staff Country Reports 
500 |a <strong>Off-Campus Access:</strong> No User ID or Password Required 
500 |a <strong>On-Campus Access:</strong> No User ID or Password Required 
506 |a Electronic access restricted to authorized BRAC University faculty, staff and students 
520 3 |a The Second Poverty Reduction Strategy Paper (SCRP) for Benin explains growth strategy for poverty reduction. The SCRP emphasizes the importance of addressing governance, transparency, and corruption. Capacity for budget management will also have to be improved at the level of sectoral ministries. The SCRP could be strengthened in future progress reports. To facilitate the achievement of key objectives, the authorities should establish appropriate institutions that implement, monitor, and evaluate progress under the strategy. 
538 |a Mode of access: Internet 
830 0 |a IMF Staff Country Reports; Country Report ;  |v No. 2007/214 
856 4 0 |z Full text available on IMF  |u http://elibrary.imf.org/view/journals/002/2007/214/002.2007.issue-214-en.xml  |z IMF e-Library